[Event "GER-chT U20 Girls"]
[Site "Muenster"]
[Date "2022.12.28"]
[Round "4"]
[White "Xie, Kelly"]
[Black "Struebel, Katharina"]
[Result "0-1"]
[WhiteElo "966"]
[BlackElo "1325"]
[PlyCount "80"]
[EventDate "2022.12.26"]
[EventType "team-swiss"]
[EventRounds "7"]
[EventCountry "GER"]
[SourceTitle "CBM 212 Extra"]
[Source "ChessBase"]
[SourceDate "2023.03.31"]
[SourceVersion "1"]
[SourceVersionDate "2023.03.31"]
[SourceQuality "1"]
[WhiteTeam "Bad Oldesloe"]
[BlackTeam "Lehrte"]
[WhiteTeamCountry "GER"]
[BlackTeamCountry "GER"]

1. e4 e5 2. Nc3 Nc6 3. Bc4 Nf6 4. d3 h6 5. Nf3 Bc5 6. 0-0 d6 7. h3 g5 8. Re1 g4 9. hxg4 Bxg4 10. Be3 Bb6 11. Nd5 Nxd5 12. exd5 Na5 13. Bb3 Qf6 14. c3 Rg8 15. Kf1 h5 16. Bc2 h4 17. Qd2 Bxf3 18. gxf3 Qxf3 19. Qd1 Qxd1 20. Rexd1 Bxe3 21. fxe3 b6 22. Ba4+ Ke7 23. d4 Nc4 24. dxe5 Nxe3+ 25. Ke2 Nxd1 26. Rxd1 Rh8 27. exd6+ Kxd6 28. Kf2 Rag8 29. Rg1 h3 30. Rh1 h2 31. c4 Kc5 32. Bb3 b5 33. cxb5 Kxb5 34. d6 cxd6 35. Bxf7 Rf8 36. Kg2 Rxf7 37. Rxh2 Rxh2+ 38. Kxh2 Rf2+ 39. Kg3 Rxb2 40. Kf3 Rxa2 0-1

[Event "GER-chT Lands U20"]
[Site "Wiesbaden"]
[Date "2022.10.02"]
[Round "4.4"]
[White "Struebel, Katharina"]
[Black "Rafikova, Ailin"]
[Result "1-0"]
[WhiteElo "1273"]
[BlackElo "1287"]
[PlyCount "181"]
[EventDate "2022.09.30"]
[EventType "team-swiss"]
[EventRounds "7"]
[EventCountry "GER"]
[SourceTitle "CBM 210 Extra"]
[Source "ChessBase"]
[SourceDate "2022.11.30"]
[SourceVersion "1"]
[SourceVersionDate "2022.11.30"]
[SourceQuality "1"]
[WhiteTeam "Niedersachsen U20"]
[BlackTeam "Baden U20"]
[WhiteTeamCountry "GER"]
[BlackTeamCountry "GER"]

1. e4 c5 2. Nf3 d6 3. d4 cxd4 4. Nxd4 Nf6 5. Nc3 a6 6. Be2 e5 7. Nb3 Be7 8. 0-0 0-0 9. Be3 Be6 10. Na4 Nbd7 11. Qd3 Rc8 12. Rad1 Bc4 13. Qd2 Nxe4 14. Qe1 Bxe2 15. Qxe2 b5 16. Nb6 Nxb6 17. Bxb6 Nc3 18. bxc3 Qxb6 19. Rd3 Rc7 20. Rg3 Rfc8 21. Qg4 Bf6 22. Qf5 Rxc3 23. Kh1 Rxg3 24. Qxc8+ Qd8 25. Qxd8+ Bxd8 26. fxg3 h6 27. Rd1 Bc7 28. Kg1 Kf8 29. Kf2 Ke7 30. Kf3 Ke6 31. g4 Bb8 32. Nd2 Bc7 33. c4 b4 34. Rb1 a5 35. Ne4 Bb6 36. Ng3 g6 37. h4 Bc7 38. h5 Bb6 39. hxg6 fxg6 40. Rh1 a4 41. Ne2 b3 42. axb3 a3 43. Nc3 Ba5 44. Na2 Bd2 45. b4 Kd7 46. Rd1 Bg5 47. c5 Be7 48. b5 Kc7 49. cxd6+ Bxd6 50. b6+ Kc6 51. Ke4 Bb8 52. Rc1+ Kxb6 53. Rb1+ Ka7 54. Rxb8 Kxb8 55. Kxe5 Kc7 56. Kf6 g5 57. Kg6 Kb6 58. Kxh6 Kc5 59. Kxg5 Kc4 60. Kf5 Kb3 61. g5 Kxa2 62. g6 Kb1 63. g7 a2 64. g8Q a1Q 65. Qb3+ Kc1 66. Qe3+ Kc2 67. Qe4+ Kb3 68. Qd5+ Kb4 69. Qb7+ Kc5 70. Qe7+ Kd5 71. Qe6+ Kc5 72. Qe5+ Qxe5+ 73. Kxe5 Kc6 74. g4 Kd7 75. Kf6 Ke8 76. Kg7 Ke7 77. g5 Ke8 78. g6 Ke7 79. Kh7 Kf8 80. g7+ Kf7 81. g8Q+ Kf6 82. Qe8 Kf5 83. Kg7 Kf4 84. Kf6 Kg4 85. Ke5 Kf3 86. Kd4 Kf2 87. Kd3 Kf1 88. Qe2+ Kg1 89. Ke3 Kh1 90. Kf3 Kg1 91. Qg2# 1-0

[Event "GER-ch U12 Girls"]
[Site "Willingen"]
[Date "2021.08.25"]
[Round "4"]
[White "Struebel, Katharina"]
[Black "Schube, Theresa"]
[Result "0-1"]
[WhiteElo "1154"]
[BlackElo "1262"]
[PlyCount "68"]
[EventDate "2021.08.22"]
[EventType "swiss"]
[EventRounds "9"]
[EventCountry "GER"]
[SourceTitle "EXT 2022"]
[Source "ChessBase"]
[SourceDate "2021.10.06"]
[SourceVersion "1"]
[SourceVersionDate "2021.10.06"]
[SourceQuality "1"]

1. e4 e5 2. Nf3 Nc6 3. d4 exd4 4. Nxd4 Qh4 5. Nc3 Bb4 6. Qd3 Nf6 7. Bd2 Bxc3 8. Bxc3 Qxe4+ 9. Qe2 0-0 10. Nxc6 Qxc6 11. Qc4 Re8+ 12. Kd1 Qd6+ 13. Qd3 Ne4 14. Bd4 Qe6 15. Qe2 b6 16. f3 c5 17. Bxg7 Kxg7 18. Qxe4 Qxe4 19. fxe4 Rxe4 20. g3 Bb7 21. Rg1 Rae8 22. Bg2 Rd4+ 23. Kc1 Bxg2 24. c3 Rde4 25. Kc2 Re2+ 26. Kb3 Bd5+ 27. Ka3 a5 28. Rad1 Bc6 29. h4 b5 30. g4 b4+ 31. cxb4 cxb4+ 32. Kb3 Bb5 33. Rd5 R8e3+ 34. Rd3 Rxd3# 0-1

[Event "GER-ch U12 Girls"]
[Site "Willingen"]
[Date "2021.08.23"]
[Round "1"]
[White "Schuelke, Rosalie"]
[Black "Struebel, Katharina"]
[Result "1-0"]
[WhiteElo "1423"]
[BlackElo "1154"]
[PlyCount "115"]
[EventDate "2021.08.22"]
[EventType "swiss"]
[EventRounds "9"]
[EventCountry "GER"]
[SourceTitle "EXT 2022"]
[Source "ChessBase"]
[SourceDate "2021.10.06"]
[SourceVersion "1"]
[SourceVersionDate "2021.10.06"]
[SourceQuality "1"]

1. e4 e5 2. Nf3 Nf6 3. Nxe5 Nc6 4. Nxc6 dxc6 5. d4 Nxe4 6. Be3 Be6 7. Bd3 Bf5 8. Qf3 Bb4+ 9. Nd2 Nxd2 10. Bxd2 Bxd2+ 11. Kxd2 Bxd3 12. Rhe1+ Kf8 13. Kxd3 c5 14. Qxb7 Qxd4+ 15. Ke2 Re8+ 16. Kf1 Qc4+ 17. Kg1 Rxe1+ 18. Rxe1 g6 19. Qxc7 Qxc2 20. Qxa7 Kg7 21. a4 Rd8 22. h3 Rd1 23. Rxd1 Qxd1+ 24. Kh2 Qd4 25. Qc7 Qxa4 26. Qxc5 Qb3 27. Qc3+ Qxc3 28. bxc3 Kf6 29. Kg3 Ke5 30. Kg4 f6 31. Kf3 Kd5 32. Ke3 Kc4 33. Kd2 h6 34. f4 g5 35. fxg5 hxg5 36. g4 Kc5 37. Ke3 Kc4 38. Ke4 Kxc3 39. Kf5 Kd4 40. Kxf6 Ke4 41. Kxg5 Ke5 42. h4 Ke6 43. Kg6 Ke7 44. Kg7 Ke8 45. h5 Ke7 46. h6 Ke8 47. h7 Ke7 48. h8Q Ke6 49. Qe8+ Kd5 50. Kf6 Kc5 51. Qd8 Kb5 52. Qc8 Kb6 53. Ke6 Ka7 54. Qc1 Kb6 55. Kd5 Ka6 56. Qb1 Ka7 57. Kc6 Ka8 58. Qb7# 1-0

[Event "GER-ch U10 Girls"]
[Site "Willingen"]
[Date "2020.10.28"]
[Round "3"]
[White "Struebel, Katharina"]
[Black "Richter, Johanna"]
[Result "1-0"]
[WhiteElo "1091"]
[BlackElo "1150"]
[PlyCount "99"]
[EventDate "2020.10.26"]
[EventType "swiss"]
[EventRounds "7"]
[EventCountry "GER"]
[SourceTitle "CBM 199 Extra"]
[Source "ChessBase"]
[SourceDate "2021.01.31"]
[SourceVersion "1"]
[SourceVersionDate "2021.01.31"]
[SourceQuality "1"]

1. e4 c5 2. Nf3 Nc6 3. Bb5 e6 4. Bxc6 bxc6 5. d3 g6 6. Nc3 Bg7 7. Be3 Ne7 8. Bxc5 d6 9. Be3 0-0 10. Qd2 Bd7 11. 0-0-0 c5 12. Bh6 Rb8 13. Bxg7 Kxg7 14. h4 Qb6 15. b3 a5 16. h5 Rg8 17. hxg6 fxg6 18. Qh6+ Kf7 19. Qxh7+ Ke8 20. Ng5 Rf8 21. Qh8 Bc8 22. Qg7 Rb7 23. Rh8 Rxh8 24. Qxh8+ Kd7 25. Qf6 d5 26. exd5 exd5 27. Qxe7+ Kxe7 28. Nxd5+ Kf8 29. Nxb6 Rxb6 30. Ne4 Bb7 31. Nxc5 Bxg2 32. Nd7+ Kf7 33. Nxb6 Kf6 34. d4 Ke6 35. d5+ Kd6 36. Nc4+ Kc7 37. d6+ Kd8 38. d7 g5 39. Nb6 Bf3 40. Re1 Bh5 41. c4 a4 42. bxa4 g4 43. a5 g3 44. fxg3 Kc7 45. a6 Be2 46. Rxe2 Kxb6 47. d8Q+ Kxa6 48. Re6+ Kb7 49. Qd7+ Kb8 50. Re8# 1-0

[Event "Hannover Region-ch U10"]
[Site "Lehrte"]
[Date "2019.10.06"]
[Round "10.2"]
[White "Struebel, Katharina"]
[Black "Schmidt, Anton1111"]
[Result "0-1"]
[WhiteElo "911"]
[BlackElo "958"]
[PlyCount "130"]
[EventDate "2019.10.03"]
[EventType "swiss"]
[EventRounds "11"]
[EventCountry "GER"]
[SourceTitle "EXT 2024"]
[Source "ChessBase"]
[SourceDate "2023.10.10"]
[SourceVersion "1"]
[SourceVersionDate "2023.10.10"]
[SourceQuality "1"]

1. e4 e5 2. Nf3 Nc6 3. Bc4 Bc5 4. c3 d6 5. d4 exd4 6. cxd4 Bb4+ 7. Bd2 Bxd2+ 8. Nbxd2 Nf6 9. d5 Nb8 10. 0-0 0-0 11. Qb3 b6 12. e5 dxe5 13. Nxe5 Bb7 14. Ndf3 Bxd5 15. Bxd5 Qxd5 16. Qxd5 Nxd5 17. Rad1 Nf6 18. Rd4 Na6 19. Rfd1 Nc5 20. Ng5 h6 21. Ngf3 Ne6 22. R4d2 Rad8 23. Nd4 Rxd4 24. Rxd4 Nxd4 25. Rxd4 Re8 26. Nf3 Re2 27. Rd8+ Kh7 28. h4 Rxb2 29. a4 Ra2 30. Rd4 c5 31. Rc4 Rb2 32. Ne5 Kg8 33. Rc3 Rb4 34. Rd3 Rxh4 35. Rd8+ Kh7 36. Nxf7 Rxa4 37. Rh8+ Kg6 38. Ne5+ Kf5 39. Nc6 Ra1+ 40. Kh2 c4 41. Rc8 Rc1 42. Nxa7 Ng4+ 43. Kg3 Rc3+ 44. f3 Ne5 45. Kf2 Rc2+ 46. Ke1 Rxg2 47. Nb5 Nxf3+ 48. Kf1 Rc2 49. Nd6+ Ke6 50. Nxc4 b5 51. Re8+ Kd7 52. Re3 Nh2+ 53. Kg1 bxc4 54. Rg3 g5 55. Rh3 Ke6 56. Rxh6+ Kf5 57. Rxh2 Rxh2 58. Kxh2 c3 59. Kg2 c2 60. Kf2 c1Q 61. Kf3 Qc3+ 62. Kf2 Kf4 63. Ke2 Qc2+ 64. Kf1 Kf3 65. Ke1 Qe2# 0-1

[Event "Hannover Region-ch U10"]
[Site "Lehrte"]
[Date "2019.10.04"]
[Round "4.4"]
[White "Struebel, Katharina"]
[Black "Hommel, Mika"]
[Result "1-0"]
[WhiteElo "911"]
[BlackElo "753"]
[PlyCount "33"]
[EventDate "2019.10.03"]
[EventType "swiss"]
[EventRounds "11"]
[EventCountry "GER"]
[SourceTitle "EXT 2024"]
[Source "ChessBase"]
[SourceDate "2023.10.10"]
[SourceVersion "1"]
[SourceVersionDate "2023.10.10"]
[SourceQuality "1"]

1. e4 c6 2. d4 d5 3. e5 f6 4. f4 fxe5 5. fxe5 e6 6. Nf3 c5 7. c3 Nc6 8. Bb5 Bd7 9. Be3 a6 10. Ba4 b5 11. Bb3 c4 12. Bc2 g6 13. Qd2 h5 14. Bg5 Be7 15. Bxg6+ Kf8 16. Qf4+ Kg7 17. Qf7# 1-0

[Event "GER-ch U10 Girls"]
[Site "Willingen"]
[Date "2019.06.12"]
[Round "6"]
[White "Neininger, Sarah"]
[Black "Struebel, Katharina"]
[Result "1/2-1/2"]
[WhiteElo "920"]
[BlackElo "852"]
[PlyCount "120"]
[EventDate "2019.06.08"]
[EventType "swiss"]
[EventRounds "11"]
[EventCountry "GER"]
[SourceTitle "EXT 2020"]
[Source "ChessBase"]
[SourceDate "2019.10.17"]
[SourceVersion "1"]
[SourceVersionDate "2019.10.17"]
[SourceQuality "1"]

1. e4 e5 2. Nf3 Nc6 3. d4 exd4 4. Bc4 Nf6 5. 0-0 Be7 6. c3 dxc3 7. Nxc3 0-0 8. Bf4 d6 9. h3 Be6 10. Bxe6 fxe6 11. Qb3 Qd7 12. Ng5 Nd4 13. Qd1 e5 14. Be3 h6 15. Nf3 Nb5 16. a4 Nxc3 17. bxc3 Nxe4 18. Qd5+ Rf7 19. Qxe4 Qe6 20. Qxb7 Raf8 21. Rab1 Rf6 22. Bxa7 Rg6 23. Qe4 Kh7 24. Nh4 Rf4 25. Qxg6+ Qxg6 26. Nxg6 Kxg6 27. g3 Rf3 28. c4 e4 29. Rfe1 Ra3 30. Rxe4 Rxa4 31. Rxe7 Rxa7 32. f4 Ra3 33. Kg2 Rc3 34. g4 Rxc4 35. Kg3 Kf6 36. Re3 d5 37. f5 d4 38. Re6+ Kf7 39. Kf4 d3+ 40. Ke5 d2 41. Rd1 Rc2 42. f6 gxf6+ 43. Rxf6+ Kg7 44. h4 c5 45. g5 hxg5 46. hxg5 c4 47. Rc6 c3 48. Kf5 Rc1 49. Rc7+ Kf8 50. Kf6 Ke8 51. Ke6 Kd8 52. Kd6 Rxd1 53. Rb7 Kc8 54. g6 Kxb7 55. g7 c2 56. g8Q c1Q 57. Qb3+ Kc8 58. Qg8+ Kb7 59. Qb3+ Ka6 60. Qa4+ Kb7 1/2-1/2

[Event "GER-ch U10 Girls"]
[Site "Willingen"]
[Date "2019.06.12"]
[Round "7"]
[White "Struebel, Katharina"]
[Black "Ezold, Johanna Sophie"]
[Result "0-1"]
[WhiteElo "852"]
[BlackElo "1076"]
[PlyCount "80"]
[EventDate "2019.06.08"]
[EventType "swiss"]
[EventRounds "11"]
[EventCountry "GER"]
[SourceTitle "EXT 2020"]
[Source "ChessBase"]
[SourceDate "2019.10.17"]
[SourceVersion "1"]
[SourceVersionDate "2019.10.17"]
[SourceQuality "1"]

1. e4 e5 2. Nf3 Nc6 3. Bc4 Bc5 4. c3 Nf6 5. d4 exd4 6. cxd4 Bb4+ 7. Bd2 Bxd2+ 8. Nbxd2 d5 9. exd5 Nxd5 10. Qb3 Be6 11. Qxb7 Na5 12. Qa6 Nxc4 13. Qxc4 Nf6 14. Qe2 0-0 15. Ng5 Re8 16. Qf3 h6 17. Nge4 Bd5 18. 0-0 Bxe4 19. Nxe4 Nxe4 20. Rfe1 Ng5 21. Qd3 Rxe1+ 22. Rxe1 Qd5 23. Re5 Qxa2 24. f4 Qa1+ 25. Kf2 Ne6 26. Qf3 Rb8 27. d5 Rxb2+ 28. Kg3 Nd4 29. Re8+ Kh7 30. Qe4+ g6 31. Qxd4 Rb3+ 32. Re3 Qxd4 33. Rxb3 Qxd5 34. Re3 Qd6 35. Re5 f6 36. Ra5 Qe7 37. Rxa7 Qe3+ 38. Kg4 f5+ 39. Kh4 Qxf4+ 40. Kh3 Qg4# 0-1